000 00689nam a2200229Ia 4500
003 OSt
005 20251216110050.0
008 210716s1998 xx 000 0 und d
020 _a8176350966
040 _cAIMIT LIBRARY
041 _aeng
082 _a006.37
_21
_bMCMJ
100 _aMcmanus, Jeffrey P.
_9249206
245 _aDatabase access with visual basic /
_cBy Jeffrey P McManus.
250 _a1st ed.
260 _aNew Delhi :
_bTechmedia ,
_c1998.
300 _axxiii,706,28p. ;
_bPB
_c23.4 cm
650 _aData access objects
_9249207
650 _aReporting and exporting data
_9249208
650 _aRemote database access
_9249209
942 _2ddc
_cBK
_e1st
_k006.37 MCMJ
999 _c183612
_d183612